| Tag |
First Indicator |
Second Indicator |
Subfields |
| LEADER |
00000cam a22000001i 4500 |
| 001 |
in00004157513 |
| 005 |
20200117101300.0 |
| 006 |
m d f |
| 007 |
cr bn mmmapmmp |
| 008 |
180830s2017 mdu o f000 0 eng d |
| 024 |
8 |
|
|a hrghrg2017tec182013
|
| 024 |
8 |
|
|a chdc20180502
|
| 035 |
|
|
|a chdc20180502
|
| 040 |
|
|
|a UMI
|c UMI
|e rda
|d UtOrBLW
|
| 043 |
|
|
|a n-us---
|
| 086 |
0 |
|
|a Y4.SCI2:115-42
|
| 110 |
1 |
|
|a United States.
|b Congress.
|b House.
|b Committee on Science, Space, and Technology.
|b Subcommittee on Research and Technology,
|e issuing body.
|
| 245 |
1 |
0 |
|a Head Health Challenge:Preventing Head Trauma from Football Field to Shop Floor to Battlefield.
|
| 264 |
|
1 |
|a Bethesda, Md. :
|b ProQuest,
|c 2017.
|
| 300 |
|
|
|a 100 pages, digital, PDF file.
|
| 336 |
|
|
|a text
|2 rdacontent
|b txt
|
| 337 |
|
|
|a computer
|b c
|2 rdamedia
|
| 338 |
|
|
|a online resource
|2 rdacarrier
|b cr
|
| 500 |
|
|
|a Record is based on bibliographic data in ProQuest U.S. Congressional Hearings Digital Collection. Reuse except for individual research requires license from ProQuest, LLC.
|
| 500 |
|
|
|a "Dec. 13, 2017."
|
| 500 |
|
|
|a Committee on Science, Space, and Technology Serial Number 115-42.
|
| 533 |
|
|
|a Electronic reproduction.
|b [Bethesda, Md.] :
|c ProQuest,
|d 2018.
|e digital, PDF file.
|n ProQuest Congressional Hearings Digital Collection.
|n Mode of access: World Wide Web via ProQuest website.
|
| 538 |
|
|
|a System requirements: PDF reader software.
|
| 650 |
|
0 |
|a Head
|x Wounds and injuries
|z United States.
|
| 650 |
|
0 |
|a Awards
|z United States.
|0 http://id.loc.gov/authorities/subjects/sh85113541
|
| 776 |
0 |
8 |
|i Microfiche version:
|a United States. Congress. House. Committee on Science, Space, and Technology. Subcommittee on Research and Technology.
|t Head Health Challenge:Preventing Head Trauma from Football Field to Shop Floor to Battlefield.
|o CIS 2018 H701-182013
|
| 856 |
4 |
0 |
|u http://proxy.library.tamu.edu/login?url=http://search.proquest.com/congcomp/getdoc?HEARING-ID=HRG-2017-TEC-182013
|y Electronic resource (PDF)
|z CIS 2018-H701-182013
|t 0
|
| 999 |
f |
f |
|s ac04e087-6690-3d4d-b834-1b77d9d2ac8e
|i 8038d4a7-4890-3256-b15b-57ef351652bf
|t 0
|
| 952 |
f |
f |
|a Texas A&M University
|b College Station
|c Electronic Resources
|d Available Online
|t 0
|e Y4.SCI2:115-42
|h Superintendent of Documents classification
|
| 998 |
f |
f |
|a Y4.SCI2:115-42
|t 0
|l Available Online
|